| Tag |
First Indicator |
Second Indicator |
Subfields |
| LEADER |
00000cam a2200000 a 4500 |
| 001 |
in00000031007 |
| 005 |
20151007054927.0 |
| 008 |
860529r19861970miu b 00000 ruso |
| 010 |
|
|
|a 86014044
|
| 020 |
|
|
|a 0882339672 (alk. paper)
|
| 035 |
|
|
|a (OCoLC)13761183
|
| 035 |
|
|
|9 AAB6680AM
|
| 040 |
|
|
|a DLC
|c DLC
|d m/c
|d TXA
|d UtOrBLW
|
| 041 |
0 |
|
|a rus
|b eng
|
| 049 |
|
|
|a TXAM
|c [A11535609]
|
| 050 |
0 |
0 |
|a PG3476.P543
|b Z815 1986
|
| 082 |
0 |
|
|a 891.73/42
|2 19
|
| 245 |
0 |
0 |
|a Tvorchestvo A. Platonova :
|b statʹi i soobshchenii︠a︡ /
|c [redakt︠s︡ionnai︠a︡ kollegii︠a︡ A.M. Abramov ... V.P. Skobelev (otv. redaktor)].
|
| 264 |
|
1 |
|a Ann Arbor :
|b Ardis,
|c 1986.
|
| 300 |
|
|
|a 245 pages ;
|c 22 cm.
|
| 336 |
|
|
|a text
|b txt
|2 rdacontent
|
| 337 |
|
|
|a unmediated
|b n
|2 rdamedia
|
| 338 |
|
|
|a volume
|b nc
|2 rdacarrier
|
| 500 |
|
|
|a Reprint. Originally published: Voronezh : Izd-vo Voronezhskogo universiteta, 1970.
|
| 500 |
|
|
|a "Literatura o zhizni i tvorchestve A. Platonova": pages 231-[240].
|
| 500 |
|
|
|a Summaries in English.
|
| 504 |
|
|
|a Includes bibliographical references.
|
| 600 |
1 |
0 |
|a Platonov, Andreĭ Platonovich,
|d 1899-1951
|x Criticism and interpretation.
|
| 700 |
1 |
|
|a Abramov, Anatoliĭ Mikhaĭlovich.
|
| 700 |
1 |
|
|a Skobelev, V. P.
|
| 999 |
|
|
|a MARS
|
| 999 |
f |
f |
|s 8972e34a-abf1-3277-9dba-8df4d0baa6d7
|i cb5607f1-d61e-3132-9845-bc091b90d699
|t 0
|
| 952 |
f |
f |
|p ric
|a Texas A&M University
|b Rellis Campus
|c Joint Library Facility
|s JLF
|d Remote Storage
|t 0
|e PG3476.P543 Z815 1986
|h Library of Congress classification
|i unmediated -- volume
|m A14811535609
|
| 998 |
f |
f |
|a PG3476.P543 Z815 1986
|t 0
|l Remote Storage
|